[Event "Oberliga Ost A 2018 2019"]
[Site "?"]
[Date "2018.10.21"]
[Round "1.1"]
[White "Pallas, Sebastian"]
[Black "Hoepfl, Thomas"]
[Result "0-1"]
[WhiteElo "2278"]
[BlackElo "2271"]
[PlyCount "70"]
[EventDate "2018.10.21"]
[EventType "team-tourn"]
[EventCountry "GER"]
[WhiteTeam "Loeberitz SG"]
[BlackTeam "Halle USV"]
[WhiteTeamCountry "GER"]
[BlackTeamCountry "GER"]

1. e4 e5 2. Nf3 Nc6 3. d4 exd4 4. Nxd4 Qf6 5. Nxc6 Bc5 6. Qf3 bxc6 7. Nd2 a5 8.
Nb3 Bb6 9. a4 d6 10. Be2 Qxf3 11. gxf3 Ne7 12. Be3 O-O 13. O-O-O Bxe3+ 14. fxe3
Bd7 15. e5 Nd5 16. e4 Nf4 17. Bc4 d5 18. exd5 cxd5 19. Bxd5 Nxd5 20. Rxd5 Bxa4
21. Nxa5 Bc6 22. Rc5 Bxf3 23. Rf1 Bg4 24. b4 Ra7 25. Kb2 Be6 26. c4 Rd8 27. Kc3
g5 28. Rf2 Kg7 29. Rd2 Rxd2 30. Kxd2 h5 31. Ke3 h4 32. Rb5 g4 33. c5 g3 34.
hxg3 h3 35. Kf2 Ra8 0-1

[Event "Oberliga Ost A 2018 2019"]
[Site "?"]
[Date "2018.10.21"]
[Round "1.2"]
[White "Becker, Michael"]
[Black "Stein, Robert"]
[Result "1/2-1/2"]
[WhiteElo "2254"]
[BlackElo "2308"]
[PlyCount "100"]
[EventDate "2018.10.21"]
[EventType "team-tourn"]
[EventCountry "GER"]
[WhiteTeam "Halle USV"]
[BlackTeam "Loeberitz SG"]
[WhiteTeamCountry "GER"]
[BlackTeamCountry "GER"]

1. e4 e5 2. Nf3 Nc6 3. d4 exd4 4. Nxd4 Bc5 5. Nb3 Bb4+ 6. c3 Be7 7. g3 Nf6 8.
Bg2 d6 9. O-O Bg4 10. f3 Be6 11. Nd4 Nxd4 12. cxd4 d5 13. e5 Nd7 14. f4 f5 15.
exf6 Nxf6 16. f5 Bf7 17. Nc3 c6 18. Bf4 O-O 19. Qd2 Nd7 20. g4 h6 21. Rae1 Bf6
22. Be5 Re8 23. Bxf6 Qxf6 24. Qf2 Rxe1 25. Rxe1 h5 26. h3 hxg4 27. hxg4 Qg5 28.
Bf3 Re8 29. Nd1 Rxe1+ 30. Qxe1 Qf4 31. Qe3 Qg3+ 32. Kf1 Qh3+ 33. Ke2 Qh2+ 34.
Nf2 Qd6 35. Nd3 b6 36. Ne5 c5 37. Nxd7 Qxd7 38. Kf2 Qb5 39. b3 Qb4 40. g5 cxd4
41. Qf4 Qf8 42. Qxd4 Qc5 43. Qxc5 bxc5 44. g6 Be8 45. Bxd5+ Kf8 46. Ke3 Ke7 47.
Kf4 Kf6 48. Be4 Bb5 49. Bc2 Bd7 50. Be4 Bb5 1/2-1/2

[Event "Oberliga Ost A 2018 2019"]
[Site "?"]
[Date "2018.10.21"]
[Round "1.3"]
[White "Niegsch, Nicolas"]
[Black "Hartge, Gedeon"]
[Result "1/2-1/2"]
[WhiteElo "2213"]
[BlackElo "2214"]
[PlyCount "83"]
[EventDate "2018.10.21"]
[EventType "team-tourn"]
[EventCountry "GER"]
[WhiteTeam "Loeberitz SG"]
[BlackTeam "Halle USV"]
[WhiteTeamCountry "GER"]
[BlackTeamCountry "GER"]

1. e4 c6 2. d4 g6 3. Nc3 d5 4. Nf3 Bg7 5. h3 Nh6 6. Bd3 O-O 7. O-O dxe4 8. Nxe4
Nf5 9. c3 Nd7 10. Bg5 Nf6 11. Nxf6+ exf6 12. Bf4 Be6 13. Qc2 b5 14. Nd2 Nd6 15.
Bxd6 Qxd6 16. Ne4 Qf4 17. Nc5 f5 18. Nxe6 fxe6 19. Qb3 Qd6 20. Rfe1 Kf7 21. Re2
Rfe8 22. Rae1 a6 23. a4 Rad8 24. Bb1 Re7 25. g4 fxg4 26. hxg4 Bh6 27. Re5 Bf4
28. R5e4 Rde8 29. c4 Kg7 30. axb5 axb5 31. cxb5 cxb5 32. Qxb5 e5 33. dxe5 Bxe5
34. Kg2 Bf6 35. g5 Bd4 36. Rxe7+ Rxe7 37. Rxe7+ Qxe7 38. f4 Qe3 39. Qd7+ Kf8
40. Qd8+ Kg7 41. Qd7+ Kf8 42. Qd8+ 1/2-1/2

[Event "Oberliga Ost A 2018 2019"]
[Site "?"]
[Date "2018.10.21"]
[Round "1.4"]
[White "Puls, Thomas"]
[Black "Proehl, Holger"]
[Result "1/2-1/2"]
[WhiteElo "2190"]
[BlackElo "2350"]
[PlyCount "35"]
[EventDate "2018.10.21"]
[EventType "team-tourn"]
[EventCountry "GER"]
[WhiteTeam "Halle USV"]
[BlackTeam "Loeberitz SG"]
[WhiteTeamCountry "GER"]
[BlackTeamCountry "GER"]

1. e4 d6 2. d4 Nf6 3. Nc3 g6 4. Nge2 Bg7 5. g3 O-O 6. Bg2 e5 7. O-O Nc6 8. d5
Ne7 9. h3 c6 10. Bg5 cxd5 11. Bxf6 Bxf6 12. Nxd5 Nxd5 13. Qxd5 Qb6 14. b3 Be6
15. Qd3 Rac8 16. c4 Be7 17. Nc3 a6 18. Rad1 1/2-1/2

[Event "Oberliga Ost A 2018 2019"]
[Site "?"]
[Date "2018.10.21"]
[Round "1.5"]
[White "Schuetze, Norman"]
[Black "Schulte, Felix"]
[Result "1/2-1/2"]
[WhiteElo "2272"]
[BlackElo "2087"]
[PlyCount "124"]
[EventDate "2018.10.21"]
[EventType "team-tourn"]
[EventCountry "GER"]
[WhiteTeam "Loeberitz SG"]
[BlackTeam "Halle USV"]
[WhiteTeamCountry "GER"]
[BlackTeamCountry "GER"]

1. e4 e6 2. d4 d5 3. Nd2 Be7 4. Ngf3 Nf6 5. Bd3 c5 6. dxc5 dxe4 7. Nxe4 Nxe4 8.
Bxe4 Qxd1+ 9. Kxd1 Bxc5 10. Ke2 Nd7 11. a3 Nf6 12. Bd3 O-O 13. b4 Be7 14. Ne5
Bd6 15. Bb2 b6 16. Rhd1 Bb7 17. f3 Rac8 18. g3 Rfd8 19. Rd2 h6 20. Rad1 Be7 21.
c4 Kf8 22. Rc2 Nd7 23. Ng4 Bc6 24. Rdc1 h5 25. Nf2 Nf6 26. Rd2 Bb7 27. Bc3 Ba6
28. Ba1 Rd7 29. Rdc2 Rcd8 30. Rb1 g5 31. a4 g4 32. f4 Bb7 33. Bxf6 Bf3+ 34. Ke1
Bxf6 35. Be4 Bxe4 36. Nxe4 Bg7 37. c5 Rd4 38. Nd6 bxc5 39. bxc5 Bf6 40. c6
R4xd6 41. c7 Rd4 42. cxd8=Q+ Bxd8 43. Ra2 h4 44. Ke2 Rd5 45. Rb5 Rxb5 46. axb5
hxg3 47. hxg3 Bb6 48. f5 exf5 49. Rc2 Ke7 50. Rc6 Bd4 51. Kf1 Bb6 52. Ke1 Bd4
53. Ke2 Bb6 54. Rc2 Kd7 55. Kd3 Kd6 56. Kc4 Ke6 57. Re2+ Kd6 58. Rd2+ Ke6 59.
Re2+ Kd6 60. Rd2+ Ke6 61. Rh2 Ke5 62. Re2+ Kd6 1/2-1/2

[Event "Oberliga Ost A 2018 2019"]
[Site "?"]
[Date "2018.10.21"]
[Round "1.6"]
[White "Luther, Juergen"]
[Black "Schindler, Christian"]
[Result "1/2-1/2"]
[WhiteElo "2141"]
[BlackElo "2195"]
[PlyCount "29"]
[EventDate "2018.10.21"]
[EventType "team-tourn"]
[EventCountry "GER"]
[WhiteTeam "Halle USV"]
[BlackTeam "Loeberitz SG"]
[WhiteTeamCountry "GER"]
[BlackTeamCountry "GER"]

1. e4 e6 2. d4 d5 3. exd5 exd5 4. Nf3 Bg4 5. Be2 Nf6 6. O-O Be7 7. h3 Bxf3 8.
Bxf3 c6 9. Re1 O-O 10. Nd2 Nbd7 11. Nf1 Re8 12. Qd3 Qc7 13. Bd2 Bd6 14. b3 Bf4
15. g3 1/2-1/2

[Event "Oberliga Ost A 2018 2019"]
[Site "?"]
[Date "2018.10.21"]
[Round "1.7"]
[White "Schuster, Martin"]
[Black "Reipsch, Jens"]
[Result "0-1"]
[WhiteElo "2203"]
[BlackElo "2239"]
[PlyCount "78"]
[EventDate "2018.10.21"]
[EventType "team-tourn"]
[EventCountry "GER"]
[WhiteTeam "Loeberitz SG"]
[BlackTeam "Halle USV"]
[WhiteTeamCountry "GER"]
[BlackTeamCountry "GER"]

1. e4 e5 2. Nc3 Nf6 3. Bc4 Nc6 4. d3 Bb4 5. Bd2 Na5 6. Bb3 Nxb3 7. axb3 d5 8.
Nxd5 Nxd5 9. exd5 Bxd2+ 10. Qxd2 Qxd5 11. Nf3 O-O 12. Ra4 Bd7 13. Re4 Rae8 14.
O-O Bc6 15. Rfe1 f6 16. R4e3 Rd8 17. Qb4 a5 18. Qc4 Rf7 19. Qxd5 Rxd5 20. h4 h5
21. R1e2 Rb5 22. Nd2 a4 23. c3 axb3 24. g3 Rd7 25. c4 Rb4 26. f4 exf4 27. gxf4
Rd4 28. Ne4 Bxe4 29. Rxe4 Rxd3 30. Kf2 b5 31. cxb5 Rxb5 32. R4e3 Rxe3 33. Rxe3
Kf7 34. Kf3 c5 35. Ke4 Ke6 36. f5+ Kd6 37. Rd3+ Kc6 38. Rg3 Rb4+ 39. Kd3 Rg4
0-1

[Event "Oberliga Ost A 2018 2019"]
[Site "?"]
[Date "2018.10.21"]
[Round "1.8"]
[White "Groebel, Aaron"]
[Black "Kalkhof, Stefan"]
[Result "0-1"]
[WhiteElo "2101"]
[BlackElo "2193"]
[PlyCount "120"]
[EventDate "2018.10.21"]
[EventType "team-tourn"]
[EventCountry "GER"]
[WhiteTeam "Halle USV"]
[BlackTeam "Loeberitz SG"]
[WhiteTeamCountry "GER"]
[BlackTeamCountry "GER"]

1. e4 d6 2. d4 Nf6 3. Nc3 e5 4. Nf3 Nbd7 5. dxe5 dxe5 6. Bc4 Be7 7. O-O c6 8.
Bg5 b5 9. Bd3 O-O 10. Ne2 Nh5 11. Be3 Re8 12. c4 b4 13. Rc1 Bc5 14. Qd2 Qb6 15.
Bxc5 Nxc5 16. Bb1 Bg4 17. Qg5 Bxf3 18. gxf3 g6 19. Qe3 Rad8 20. Rfd1 Ne6 21.
Bc2 c5 22. Ba4 Rf8 23. Rd5 Nhf4 24. Rxe5 Rd3 25. Nxf4 Rxe3 26. fxe3 Nxf4 27.
exf4 Qf6 28. Rf1 Qxf4 29. Rd5 Kg7 30. b3 h5 31. Rf2 Qe3 32. Kg2 h4 33. Bd7 Rd8
34. Bg4 Rh8 35. Bh3 a5 36. Rfd2 Rh5 37. Rf2 Rg5+ 38. Rxg5 Qxg5+ 39. Kh1 Qd8 40.
Bf1 Qd1 41. Kg2 g5 42. Be2 Qd4 43. Bf1 Kf6 44. Be2 Ke5 45. Bf1 Kf4 46. h3 Qa1
47. Bd3 Qc1 48. Bf1 Qe3 49. Be2 Ke5 50. f4+ gxf4 51. Bf3 Qe1 52. Bh5 Qxe4+ 53.
Bf3 Qd4 54. Bd5 Kd6 55. Bf3 Qg7+ 56. Kf1 Qg3 57. Bg2 Qd3+ 58. Kg1 Qe3 59. Bf3
a4 60. bxa4 Qc1+ 0-1

[Event "Oberliga Ost A 2018 2019"]
[Site "?"]
[Date "2018.10.21"]
[Round "1.1"]
[White "Boehnisch, Manfred"]
[Black "Natsidis, Christoph"]
[Result "1/2-1/2"]
[WhiteElo "2259"]
[BlackElo "2317"]
[PlyCount "38"]
[EventDate "2018.10.21"]
[EventType "team-tourn"]
[EventCountry "GER"]
[WhiteTeam "Leipzig SG II"]
[BlackTeam "Leipzig SG"]
[WhiteTeamCountry "GER"]
[BlackTeamCountry "GER"]

1. e4 c5 2. Nf3 e6 3. Nc3 a6 4. d4 cxd4 5. Nxd4 d6 6. g3 b5 7. Bg2 Bb7 8. O-O
Ne7 9. f4 Nec6 10. Nce2 Be7 11. f5 Nxd4 12. Nxd4 e5 13. Ne2 Nd7 14. Nc3 Nb6 15.
Qg4 h5 16. Qe2 b4 17. Nd1 Rc8 18. h4 d5 19. exd5 Bxd5 1/2-1/2

[Event "Oberliga Ost A 2018 2019"]
[Site "?"]
[Date "2018.10.21"]
[Round "1.2"]
[White "Heistermann, Till"]
[Black "Schunk, Thomas"]
[Result "1/2-1/2"]
[WhiteElo "2204"]
[BlackElo "2155"]
[PlyCount "107"]
[EventDate "2018.10.21"]
[EventType "team-tourn"]
[EventCountry "GER"]
[WhiteTeam "Leipzig SG"]
[BlackTeam "Leipzig SG II"]
[WhiteTeamCountry "GER"]
[BlackTeamCountry "GER"]

1. g3 c5 2. Bg2 Nc6 3. Nf3 e5 4. d3 d5 5. O-O Be7 6. c4 d4 7. e3 Nf6 8. exd4
exd4 9. Bg5 O-O 10. a3 h6 11. Bxf6 Bxf6 12. Nbd2 Bf5 13. Qc2 Qd7 14. Rfe1 Rfe8
15. Rxe8+ Rxe8 16. Re1 Re7 17. Kf1 Bg6 18. Rxe7 Bxe7 19. Ne1 Ne5 20. Ndf3 Nc6
21. Nd2 f5 22. Qd1 Kh7 23. Qe2 Bf7 24. h3 Bf6 25. Nc2 a5 26. b3 b6 27. Kg1 a4
28. b4 cxb4 29. axb4 Ne5 30. Bf1 g5 31. Nf3 Ng6 32. Qd1 g4 33. hxg4 f4 34. Nd2
fxg3 35. fxg3 Ne5 36. Ne4 Bg5 37. Bg2 Bg6 38. c5 bxc5 39. Nxc5 Qa7 40. Na3 Be3+
41. Kh1 Qf7 42. Ne4 Qa2 43. Qxa4 Qa1+ 44. Kh2 Nxg4+ 45. Kh3 Bf5 46. Kh4 Ne5 47.
Qa7+ Nd7 48. g4 Qe1+ 49. Kh3 Bg5 50. Ng3 Bxg4+ 51. Kxg4 Qe6+ 52. Nf5 h5+ 53.
Kg3 Qe5+ 54. Kf2 1/2-1/2

[Event "Oberliga Ost A 2018 2019"]
[Site "?"]
[Date "2018.10.21"]
[Round "1.3"]
[White "Schultz, Andreas"]
[Black "Pietzsch, Manuel"]
[Result "0-1"]
[WhiteElo "2183"]
[BlackElo "2176"]
[PlyCount "128"]
[EventDate "2018.10.21"]
[EventType "team-tourn"]
[EventCountry "GER"]
[WhiteTeam "Leipzig SG II"]
[BlackTeam "Leipzig SG"]
[WhiteTeamCountry "GER"]
[BlackTeamCountry "GER"]

1. d4 Nf6 2. c4 c5 3. d5 b5 4. cxb5 a6 5. bxa6 Bxa6 6. Nc3 g6 7. e4 Bxf1 8.
Kxf1 d6 9. g3 Bg7 10. Kg2 O-O 11. Nf3 Nbd7 12. a4 Ra6 13. Qc2 Qa8 14. Ra3 e6
15. dxe6 fxe6 16. Re1 d5 17. exd5 exd5 18. Nb5 Qb7 19. Ng5 Ng4 20. f4 d4+ 21.
Kg1 Kh8 22. Re7 Ngf6 23. Qc4 Nd5 24. Nf7+ Rxf7 25. Rxf7 Re6 26. Bd2 Kg8 27.
Rxg7+ Kxg7 28. b4 cxb4 29. Qxd4+ N7f6 30. Rd3 Re2 31. Qa7 Qxa7+ 32. Nxa7 b3 33.
Nb5 b2 34. Na3 Ne4 35. Rxd5 Nxd2 36. Rb5 Nc4 37. Nxc4 Re1+ 38. Kf2 b1=Q 39.
Rxb1 Rxb1 40. Kf3 Rb4 41. Ne3 Rxa4 42. g4 h6 43. h4 h5 44. gxh5 gxh5 45. Nf1
Ra3+ 46. Kg2 Kg6 47. Ng3 Rb3 48. Kf2 Rb2+ 49. Kf3 Rh2 50. f5+ Kh6 51. f6 Ra2
52. f7 Ra8 53. Ne4 Kg7 54. Ng5 Ra4 55. f8=Q+ Kxf8 56. Ne6+ Kf7 57. Nf4 Ra5 58.
Ke4 Kf6 59. Nd5+ Kg6 60. Nf4+ Kh6 61. Nd5 Ra4+ 62. Kf5 Rxh4 63. Kf6 Ra4 64. Ne3
h4 0-1

[Event "Oberliga Ost A 2018 2019"]
[Site "?"]
[Date "2018.10.21"]
[Round "1.4"]
[White "Nguyen, Alex Dac Vuong"]
[Black "Limpert, Michael"]
[Result "0-1"]
[WhiteElo "2240"]
[BlackElo "2148"]
[PlyCount "94"]
[EventDate "2018.10.21"]
[EventType "team-tourn"]
[EventCountry "GER"]
[WhiteTeam "Leipzig SG"]
[BlackTeam "Leipzig SG II"]
[WhiteTeamCountry "GER"]
[BlackTeamCountry "GER"]

1. e4 c6 2. Ne2 d5 3. e5 Bg4 4. d4 e6 5. c3 Nd7 6. f3 Bf5 7. g4 Bg6 8. Be3 f6
9. Nf4 Bf7 10. Nd3 h5 11. Bg2 Qc7 12. f4 hxg4 13. Qxg4 Nh6 14. Qe2 Nf5 15. Nd2
O-O-O 16. O-O-O Nh4 17. Nf3 Be7 18. Rdg1 Nxf3 19. Bxf3 Rh7 20. h4 f5 21. Bf2
Rdh8 22. Qd1 g6 23. h5 gxh5 24. Bh4 Bxh4 25. Rxh4 c5 26. Qc2 cxd4 27. cxd4
Qxc2+ 28. Kxc2 Kc7 29. Rg5 Kc6 30. Nc1 Be8 31. Ne2 Kb5 32. Ng3 Kc4 33. Ne2 Nb8
34. b3+ Kb4 35. Kb2 Nc6 36. a3+ Ka5 37. Rg1 Ne7 38. Rg5 b5 39. b4+ Kb6 40. Kc3
a5 41. Kb3 axb4 42. axb4 Nc6 43. Rg1 Ra7 44. Rc1 Ra4 45. Rxc6+ Bxc6 46. Rxh5
Rha8 47. Nc3 Ra3+ 0-1

[Event "Oberliga Ost A 2018 2019"]
[Site "?"]
[Date "2018.10.21"]
[Round "1.5"]
[White "Dietze, Frank"]
[Black "Roesemann, Rainer"]
[Result "1/2-1/2"]
[WhiteElo "2105"]
[BlackElo "2229"]
[PlyCount "57"]
[EventDate "2018.10.21"]
[EventType "team-tourn"]
[EventCountry "GER"]
[WhiteTeam "Leipzig SG II"]
[BlackTeam "Leipzig SG"]
[WhiteTeamCountry "GER"]
[BlackTeamCountry "GER"]

1. d4 d5 2. c4 e6 3. Nf3 Nf6 4. g3 dxc4 5. Bg2 Nc6 6. O-O Rb8 7. a4 a6 8. a5 b5
9. axb6 cxb6 10. Bf4 Bd6 11. Ne5 Ne7 12. Nc6 Nxc6 13. Bxc6+ Ke7 14. Bg5 Qc7 15.
d5 h6 16. Bxf6+ gxf6 17. Qd4 b5 18. Nc3 Qb6 19. Qh4 Be5 20. Rad1 Bb7 21. Bxb7
Rxb7 22. Ne4 exd5 23. Rxd5 Kf8 24. Rfd1 Re7 25. Nc5 Kg7 26. Qg4+ Kh7 27. Qf5+
Kg7 28. Qg4+ Kh7 29. Qf5+ 1/2-1/2

[Event "Oberliga Ost A 2018 2019"]
[Site "?"]
[Date "2018.10.21"]
[Round "1.6"]
[White "Weitzer, Steffen"]
[Black "Beyer, Till"]
[Result "1-0"]
[WhiteElo "2278"]
[BlackElo "2086"]
[PlyCount "47"]
[EventDate "2018.10.21"]
[EventType "team-tourn"]
[EventCountry "GER"]
[WhiteTeam "Leipzig SG"]
[BlackTeam "Leipzig SG II"]
[WhiteTeamCountry "GER"]
[BlackTeamCountry "GER"]

1. e4 g6 2. h4 d6 3. h5 Nf6 4. hxg6 fxg6 5. Nc3 Be6 6. d4 c6 7. d5 Bg8 8. Nh3
Qa5 9. Bd2 Nbd7 10. Nf4 Bg7 11. Be2 Qc7 12. g4 Nc5 13. Bf3 e5 14. b4 Ncxe4 15.
Nxe4 Nxe4 16. Bxe4 exf4 17. dxc6 Qe7 18. O-O d5 19. cxb7 Qxb7 20. Bf3 Be6 21.
Qe2 Kf7 22. Rae1 Rae8 23. Qd3 Bf6 24. Rxe6 1-0

[Event "Oberliga Ost A 2018 2019"]
[Site "?"]
[Date "2018.10.21"]
[Round "1.7"]
[White "Schoeneberg, Manfred"]
[Black "Hoffmann, Hendrik"]
[Result "0-1"]
[WhiteElo "2151"]
[BlackElo "2265"]
[PlyCount "38"]
[EventDate "2018.10.21"]
[EventType "team-tourn"]
[EventCountry "GER"]
[WhiteTeam "Leipzig SG II"]
[BlackTeam "Leipzig SG"]
[WhiteTeamCountry "GER"]
[BlackTeamCountry "GER"]

1. e4 d6 2. d4 Nf6 3. Nc3 g6 4. Nf3 Bg7 5. Be2 O-O 6. O-O a6 7. Bg5 h6 8. Bh4
g5 9. Bg3 Nh5 10. d5 Nxg3 11. hxg3 c5 12. a4 Nd7 13. Nd2 Ne5 14. Nc4 Nxc4 15.
Bxc4 Bd7 16. Qe2 Qa5 17. Qd3 Qb4 18. Rfb1 f5 19. a5 Bd4 0-1

[Event "Oberliga Ost A 2018 2019"]
[Site "?"]
[Date "2018.10.21"]
[Round "1.8"]
[White "Rausch, Stephan"]
[Black "Fasshauer, Jacob"]
[Result "1-0"]
[WhiteElo "2232"]
[BlackElo "2056"]
[PlyCount "85"]
[EventDate "2018.10.21"]
[EventType "team-tourn"]
[EventCountry "GER"]
[WhiteTeam "Leipzig SG"]
[BlackTeam "Leipzig SG II"]
[WhiteTeamCountry "GER"]
[BlackTeamCountry "GER"]

1. d4 Nf6 2. Nf3 e6 3. Nbd2 d5 4. e3 c5 5. c3 Bd6 6. Bd3 Nc6 7. O-O O-O 8. h3
Re8 9. Re1 e5 10. dxe5 Nxe5 11. Nxe5 Bxe5 12. Nf3 Bc7 13. b3 Ne4 14. Bb2 Qf6
15. Rb1 Ng5 16. Nxg5 Qxg5 17. Qf3 Bd7 18. c4 Bc6 19. h4 Qd8 20. Qg4 Be5 21.
cxd5 Qxd5 22. Red1 Qe6 23. Qxe6 Rxe6 24. Bf5 Re7 25. Bxe5 Rxe5 26. Bc2 g6 27.
Rd6 Rd5 28. Rxd5 Bxd5 29. Rd1 Bc6 30. f3 Kf8 31. h5 Ke7 32. Kf2 b5 33. Ke2 a5
34. Rc1 Kd6 35. hxg6 hxg6 36. e4 c4 37. bxc4 bxc4 38. Kd2 Kc5 39. Kc3 Rb8 40.
Rd1 Rb4 41. Rd4 Ba4 42. Rd5+ Kb6 43. a3 1-0

[Event "Oberliga Ost A 2018 2019"]
[Site "?"]
[Date "2018.10.21"]
[Round "1.1"]
[White "Hollan, Martin"]
[Black "Sieber, Fiona"]
[Result "1-0"]
[WhiteElo "2325"]
[BlackElo "2246"]
[PlyCount "79"]
[EventDate "2018.10.21"]
[EventType "team-tourn"]
[EventCountry "GER"]
[WhiteTeam "Magdeburg SV Rochade"]
[BlackTeam "Magdeburg SG Aufbau Elbe"]
[WhiteTeamCountry "GER"]
[BlackTeamCountry "GER"]

1. Nf3 Nf6 2. c4 e6 3. e3 d5 4. b3 Be7 5. Bb2 O-O 6. Nc3 c5 7. cxd5 exd5 8. d4
Nc6 9. Be2 b6 10. O-O Bb7 11. dxc5 bxc5 12. Rc1 Rc8 13. Na4 Ne4 14. Nd2 Qa5 15.
Nxe4 dxe4 16. Qd7 Ba8 17. Qg4 g6 18. Qxe4 Rfd8 19. Bc4 Qc7 20. Bd5 Nd4 21. Nc3
Ne2+ 22. Nxe2 Rxd5 23. Qc2 Qc6 24. e4 Rd7 25. Qc3 f6 26. Qc4+ Kg7 27. Nc3 Bb7
28. Rfd1 Ba6 29. Qa4 Qxa4 30. Nxa4 Rcd8 31. Rxd7 Rxd7 32. Ba3 c4 33. Bxe7 Rxe7
34. Nc5 cxb3 35. Nxa6 b2 36. Rb1 Rxe4 37. Nc5 Rg4 38. Nd3 Ra4 39. Rxb2 Rd4 40.
Ne1 1-0

[Event "Oberliga Ost A 2018 2019"]
[Site "?"]
[Date "2018.10.21"]
[Round "1.2"]
[White "Roseneck, Jonas"]
[Black "Hollan, Petr"]
[Result "1/2-1/2"]
[WhiteElo "2262"]
[BlackElo "2195"]
[PlyCount "109"]
[EventDate "2018.10.21"]
[EventType "team-tourn"]
[EventCountry "GER"]
[WhiteTeam "Magdeburg SG Aufbau Elbe"]
[BlackTeam "Magdeburg SV Rochade"]
[WhiteTeamCountry "GER"]
[BlackTeamCountry "GER"]

1. e4 c5 2. Nf3 d6 3. d4 cxd4 4. Nxd4 Nf6 5. Nc3 g6 6. Be3 Bg7 7. f3 Nc6 8. Qd2
O-O 9. O-O-O d5 10. Qe1 e5 11. Nxc6 bxc6 12. exd5 Nxd5 13. Bc4 Be6 14. Bc5 Re8
15. Ne4 Qc7 16. Qh4 h6 17. g4 Nf4 18. Bxe6 Nxe6 19. Be3 Nf4 20. Qf2 Qa5 21. a3
Nd5 22. Bc5 Red8 23. Rd3 Rdb8 24. h4 Nf4 25. Rc3 Qb5 26. b3 Ne2+ 27. Kb2 Nxc3
28. Nxc3 Qb7 29. Ne4 f5 30. gxf5 gxf5 31. Nd6 Qd7 32. Qg3 Rb5 33. Nxb5 cxb5 34.
Rg1 Rc8 35. Bd6 f4 36. Qg6 Rc6 37. Bxe5 Rxg6 38. Rxg6 Qd5 39. Rxg7+ Kf8 40. Bc3
Qxf3 41. Rxa7 Qe3 42. Rd7 f3 43. Bd4 Qe4 44. Bf2 Qe2 45. Bc5+ Ke8 46. Rd5 f2
47. Bxf2 Qxf2 48. Re5+ Kd7 49. Re4 Qf6+ 50. Kb1 Qf1+ 51. Kb2 Qg2 52. Rb4 Kc6
53. a4 Qg7+ 54. Kb1 Qg1+ 55. Kb2 1/2-1/2

[Event "Oberliga Ost A 2018 2019"]
[Site "?"]
[Date "2018.10.21"]
[Round "1.3"]
[White "Mueller, Dominik"]
[Black "Melamed, Tatjana"]
[Result "0-1"]
[WhiteElo "2268"]
[BlackElo "2381"]
[PlyCount "68"]
[EventDate "2018.10.21"]
[EventType "team-tourn"]
[EventCountry "GER"]
[WhiteTeam "Magdeburg SV Rochade"]
[BlackTeam "Magdeburg SG Aufbau Elbe"]
[WhiteTeamCountry "GER"]
[BlackTeamCountry "GER"]

1. d4 Nf6 2. c4 e6 3. Nc3 Bb4 4. e3 O-O 5. Bd3 d5 6. Nf3 c5 7. O-O Nc6 8. a3
Bxc3 9. bxc3 dxc4 10. Bxc4 Qc7 11. Qe2 e5 12. d5 e4 13. dxc6 Ng4 14. Rd1 exf3
15. Qxf3 Qxh2+ 16. Kf1 Ne5 17. cxb7 Bxb7 18. Qxb7 Nxc4 19. Qe4 Rad8 20. Rd5 Nb6
21. Rxd8 Rxd8 22. Ke2 Qd6 23. Qc2 Nc4 24. e4 Qa6 25. Ke1 Ne5 26. Be3 Qc4 27. f3
Rd3 28. Kf2 Rxc3 29. Qd1 Nd3+ 30. Kg1 h6 31. Qd2 Rc2 32. Qa5 Ne5 33. Qd8+ Kh7
34. Re1 Qa2 0-1

[Event "Oberliga Ost A 2018 2019"]
[Site "?"]
[Date "2018.10.21"]
[Round "1.4"]
[White "Andre, Gordon"]
[Black "Bednar, Marcel"]
[Result "1/2-1/2"]
[WhiteElo "2308"]
[BlackElo "2253"]
[PlyCount "102"]
[EventDate "2018.10.21"]
[EventType "team-tourn"]
[EventCountry "GER"]
[WhiteTeam "Magdeburg SG Aufbau Elbe"]
[BlackTeam "Magdeburg SV Rochade"]
[WhiteTeamCountry "GER"]
[BlackTeamCountry "GER"]

1. d4 Nf6 2. c4 c5 3. d5 b5 4. f3 d6 5. e4 g6 6. cxb5 a6 7. Nc3 Bg7 8. a4 O-O
9. Ra3 Nbd7 10. Nh3 Ne5 11. Nf2 h5 12. Be2 e6 13. Bg5 axb5 14. Bxb5 exd5 15.
exd5 Qa5 16. O-O Ba6 17. Qc1 Bxb5 18. axb5 Qb4 19. Re1 c4 20. Qa1 Rxa3 21. Qxa3
Qxa3 22. bxa3 Ra8 23. a4 Nfd7 24. Bd2 Nc5 25. f4 Ned7 26. Rb1 Bd4 27. Kf1 Nb3
28. Be1 f5 29. Nfd1 Nb6 30. Nb2 Nc5 31. Ra1 Nb3 32. Ra3 Bc5 33. Ra2 Bb4 34.
Nbd1 Nc1 35. Rc2 Nd3 36. Bd2 Nc5 37. Nb2 Nb3 38. Be1 Nd4 39. Rc1 Ba3 40. Rb1
Bc5 41. Ne2 Nxd5 42. Nxd4 Bxd4 43. Nxc4 Rxa4 44. Nxd6 Bc5 45. Nb7 Rxf4+ 46. Ke2
Re4+ 47. Kd3 Bb6 48. Bd2 h4 49. Nd6 Rd4+ 50. Ke2 Bc7 51. Nc8 Bxh2 1/2-1/2

[Event "Oberliga Ost A 2018 2019"]
[Site "?"]
[Date "2018.10.21"]
[Round "1.5"]
[White "Niering, Martin"]
[Black "Biastoch, Bennet"]
[Result "0-1"]
[WhiteElo "2198"]
[BlackElo "2134"]
[PlyCount "76"]
[EventDate "2018.10.21"]
[EventType "team-tourn"]
[EventCountry "GER"]
[WhiteTeam "Magdeburg SV Rochade"]
[BlackTeam "Magdeburg SG Aufbau Elbe"]
[WhiteTeamCountry "GER"]
[BlackTeamCountry "GER"]

1. e4 c5 2. c3 Nf6 3. e5 Nd5 4. Nf3 Nc6 5. d4 cxd4 6. Bc4 e6 7. cxd4 d6 8. O-O
Be7 9. Qe2 O-O 10. Rd1 Nb6 11. Bb3 Nb4 12. Nc3 Bd7 13. a3 N4d5 14. Ne4 Ba4 15.
Bxa4 Nxa4 16. Qc2 Nab6 17. Neg5 g6 18. Ne4 dxe5 19. dxe5 Qc8 20. Qd2 Rd8 21.
Qh6 Qc2 22. Re1 Nd7 23. Bg5 Bf8 24. Qh4 Rdc8 25. Rad1 b5 26. Rd2 Qc4 27. Rd4
Qc2 28. Nc3 Nxc3 29. Rxd7 Rc4 30. Nd4 Ne2+ 31. Kf1 Nxd4 32. Rxd4 Qxb2 33. Rxc4
bxc4 34. Qxc4 Qxa3 35. h4 Qb4 36. Qc6 Rb8 37. Qf3 Qb3 38. Be3 a5 0-1

[Event "Oberliga Ost A 2018 2019"]
[Site "?"]
[Date "2018.10.21"]
[Round "1.6"]
[White "Merkert, Maximilian"]
[Black "Waechter, Nathalie"]
[Result "1-0"]
[WhiteElo "2249"]
[BlackElo "1990"]
[PlyCount "171"]
[EventDate "2018.10.21"]
[EventType "team-tourn"]
[EventCountry "GER"]
[WhiteTeam "Magdeburg SG Aufbau Elbe"]
[BlackTeam "Magdeburg SV Rochade"]
[WhiteTeamCountry "GER"]
[BlackTeamCountry "GER"]

1. c4 e6 2. g3 Nf6 3. Bg2 d5 4. Nf3 Be7 5. O-O O-O 6. b3 d4 7. Bb2 c5 8. e3 Nc6
9. exd4 cxd4 10. Re1 Re8 11. a3 a5 12. d3 Bc5 13. Ne5 Nxe5 14. Rxe5 Qc7 15. Qe1
Ra6 16. Re2 Qb6 17. Nd2 Bd7 18. h3 Bc6 19. f4 Raa8 20. Qd1 Bxg2 21. Kxg2 Red8
22. Nf3 Ne8 23. Rb1 Rd7 24. Qc2 g6 25. Re5 Qc6 26. Bc1 Ng7 27. g4 f6 28. Re2 e5
29. b4 axb4 30. axb4 Bd6 31. c5 Bc7 32. Qc4+ Kh8 33. fxe5 fxe5 34. b5 Qd5 35.
Qxd5 Rxd5 36. Rc2 Rc8 37. c6 Bd6 38. Ng5 bxc6 39. bxc6 Kg8 40. Rb7 Rc5 41.
Rxg7+ Kxg7 42. Ne6+ Kg8 43. Nxc5 Rxc6 44. Ba3 e4 45. Rc1 Bf4 46. Rc4 exd3 47.
Rxd4 d2 48. Ne4 Rc2 49. Kf3 Rc1 50. Nf2 g5 51. Bb4 Rc2 52. Ne4 Rc4 53. Rd8+ Kg7
54. Bxd2 Bxd2 55. Rxd2 h6 56. Rd7+ Kg6 57. Rd6+ Kg7 58. Ng3 Rc3+ 59. Kf2 Rc2+
60. Ke3 Rc3+ 61. Rd3 Rc6 62. Ke4 Kf6 63. Kd5 Ra6 64. Ne4+ Kg6 65. Ke5 Ra5+ 66.
Ke6 Ra4 67. Nc5 Rf4 68. Nd7 h5 69. Ne5+ Kh6 70. Rf3 hxg4 71. Nxg4+ Kh5 72. Rxf4
gxf4 73. Kf5 Kh4 74. Nf2 Kg3 75. Ke4 f3 76. Ke3 Kh4 77. Kxf3 Kg5 78. Kg3 Kh5
79. h4 Kg6 80. Kg4 Kh6 81. h5 Kg7 82. Kg5 Kh7 83. h6 Kg8 84. Kg6 Kh8 85. Ne4
Kg8 86. Ng5 1-0